Rozmanitosť ekonomického rastu v členských štátoch Európskej únie - príčiny a okolnosti správa o výsledkoch riešenia projektu za rok 2017 : projekt mladých učiteľov, vedeckých pracovníkov a doktorandov v dennej forme štúdia

Salvato in:
Dettagli Bibliografici
Autore principale: Krátka, Jana
Altri autori: Hlavová, Natália, 1991-, Čambalíková, Andrea, 1990-, Čas, Marcel, Čiefová, Michaela, 1991-, Zagoršek, Branislav, 1984-, Bittmannová, Bianka
Natura: Libro
Lingua:slovacco
Pubblicazione: Bratislava [2017]
Soggetti:
Tags: Aggiungi Tag
Nessun Tag, puoi essere il primo ad aggiungerne!!

MARC

LEADER 00000nam a2200000 4500
001 0241423
005 20240503084923.1
041 0 |a slo 
044 |a SK 
245 1 0 |a Rozmanitosť ekonomického rastu v členských štátoch Európskej únie - príčiny a okolnosti  |b správa o výsledkoch riešenia projektu za rok 2017 : projekt mladých učiteľov, vedeckých pracovníkov a doktorandov v dennej forme štúdia  |c zodpovední riešitelia: Jana Krátka, Natália Hlavová, spoluriešitelia: Andrea Čambalíková, Marcel Čas, Michaela Čiefová ; oponenti: Branislav Zagoršek, Bianka Bittmannová 
264 1 |a Bratislava  |c [2017] 
300 |a 4 s.  |e 7 príloh 
610 2 0 |a rast hospodársky 
610 2 0 |a hospodárstvo svetové 
610 2 0 |a Európska únia 
100 1 |a Krátka, Jana 
700 1 |a Hlavová, Natália, 1991- 
700 1 |a Čambalíková, Andrea, 1990- 
700 1 |a Čas, Marcel 
700 1 |a Čiefová, Michaela, 1991- 
700 1 |a Zagoršek, Branislav, 1984- 
700 1 |a Bittmannová, Bianka